Name the Mitski Song by The Lyrics - Statistics

General Stats
  • This quiz has been taken 716 times
  • The average score is 8 of 15
Answer Stats
Lyric Title % Correct
"You're growing tired of me" A Pearl
88%
"I don't know what to do without you Francis Forever
72%
"All I wanna do is get naked in front of you" Real Men
72%
"Does it smell like a school gymnasium in here?" Two Slow Dancers
69%
"You like control, well I do too" Eric
60%
"Only natural to harden up" Stay Soft
55%
"I wish you could take me upstate" Texas Reznikoff
53%
"How many stars will I need to hang around me" Remember My Name
49%
"I tried to eat like your girlfriend, just tea in the night" Square
49%
"I'll be the loser in this game" The Only Heartbreaker
48%
"I drive when it rains at night, when it rains I drive" Carry Me Out
43%
"While you sleep, I'll be scared" I Will
43%
"Clear a path to drive to the store" When Memories Snow
34%
"Relive all the ways you still want me" Should've Been Me
32%
"What those dead men say that they do will never be the absolute truth" The Baddy Man
11%
No matching quizzes found
Score Distribution
Percent of People with Each Score
Percentile by Number Answered
Your Score History
You have not taken this quiz